[Event "LSS OP-2008-0-00655"]
[Site "LSS email"]
[Date "2008.10.13"]
[Round "?"]
[White "Blankenberg, Bruno"]
[Black "Deyaert, Ramses"]
[Result "0-1"]
[WhiteElo "1918"]
[BlackElo "800"]
[PlyCount "30"]
[EventDate "2008.10.10"]
[EventType "tourn (corr)"]
[EventRounds "4"]
[EventCountry "GER"]
[SourceTitle "Corr 2015"]
[Source "ChessBase"]
[SourceDate "2015.07.17"]
[SourceVersion "1"]
[SourceVersionDate "2015.07.17"]
[SourceQuality "1"]

1. e4 e5 2. Nf3 Nc6 3. Bc4 Bc5 4. b4 Bxb4 5. c3 Bc5 6. d4 exd4 7. 0-0 d6 8. cxd4 Bb4 9. Qb3 Be6 10. d5 Nf6 11. dxc6 Bxc4 12. Qxc4 a5 13. cxb7 Rb8 14. a3 Bc5 15. e5 Nh5 0-1

[Event "LSS OP-2008-0-00655"]
[Site "LSS email"]
[Date "2008.10.13"]
[Round "?"]
[White "Deyaert, Ramses"]
[Black "Malagar, Leo"]
[Result "0-1"]
[WhiteElo "800"]
[BlackElo "1000"]
[PlyCount "22"]
[EventDate "2008.10.10"]
[EventType "tourn (corr)"]
[EventRounds "4"]
[EventCountry "GER"]
[SourceTitle "Corr 2022"]
[Source "ChessBase"]
[SourceDate "2021.10.24"]
[SourceVersion "1"]
[SourceVersionDate "2021.10.24"]
[SourceQuality "1"]

1. e4 e5 2. Nf3 Nc6 3. Bb5 Nf6 4. Nc3 Bc5 5. 0-0 0-0 6. Bxc6 dxc6 7. d3 Qd6 8. Ng5 a5 9. Qf3 h6 10. Nh3 a4 11. b3 axb3 0-1